Catálogo
 En Linea

La demanda en partición de bienes entre convivientes / (Registro nro. 37980)

Detalles MARC
000 -CABECERA
campo de control de longitud fija 00813nam a2200205 a 4500
001 - NÚMERO DE CONTROL
campo de control 000038490
005 - FECHA Y HORA DE LA ÚLTIMA TRANSACCIÓN
campo de control 20201002031257.0
008 - DATOS DE LONGITUD FIJA--INFORMACIÓN GENERAL
campo de control de longitud fija 130412s20uu dr 000 0 spa d
020 ## - NÚMERO INTERNACIONAL ESTÁNDAR DEL LIBRO
Número Internacional Estándar del Libro 9789993444800
040 ## - FUENTE DE LA CATALOGACIÓN
Centro catalogador/agencia de origen DO-SdBNP
Lengua de catalogación spa
Centro/agencia transcriptor BNPHU
100 1# - ENTRADA PRINCIPAL--NOMBRE DE PERSONA
Nombre de persona Líz Frías, Ramón Rigoberto
9 (RLIN) 64838
245 13 - MENCIÓN DE TÍTULO
Título La demanda en partición de bienes entre convivientes /
Mención de responsabilidad, etc. Ramón Rigoberto Líz Frías, Eusebio Antonio Martínez Sosa ; prólogo Augusto Robert Castro.
260 ## - PUBLICACIÓN, DISTRIBUCIÓN, ETC.
Lugar de publicación, distribución, etc. Santo Domingo :
Nombre del editor, distribuidor, etc. Dalís,
Fecha de publicación, distribución, etc. [20-?].
300 ## - DESCRIPCIÓN FÍSICA
Extensión 144 p.
-- 25 cm.
500 ## - NOTA GENERAL
Nota general Incluye datos biográficos de los autores en la contracubierta
500 ## - NOTA GENERAL
Nota general Incluye notas al pie de las páginas
504 ## - NOTA DE BIBLIOGRAFÍA, ETC.
Nota de bibliografía, etc. Bibliografía : p. 141-144
700 1# - PUNTO DE ACCESO ADICIONAL--NOMBRE DE PERSONA
Nombre de persona Martínez Sosa, Eusebio Antonio
9 (RLIN) 64839
700 1# - PUNTO DE ACCESO ADICIONAL--NOMBRE DE PERSONA
Nombre de persona Robert Castro, Augusto,
Término indicativo de función/relación pról.
9 (RLIN) 64840
Existencias
Estado de retiro Estado de pérdida Restricciones de uso No para préstamo Código de colección Localización permanente Ubicación/localización actual Ubicación en estantería Fecha de adquisición Número de inventario Total de préstamos Signatura topográfica completa Código de barras Fecha visto por última vez Número de copia Precio válido a partir de Tipo de ítem Koha
  Extraviado Préstamo restringido   Dominicana de Servicio General General Extraviado 12.04.2013 LF1   38490-30 25.06.2020 e. 3 25.06.2020 Libro y Folleto Colección Dominicana de Servicio
      Excluido de préstamo Patrimonio Dominicano Patrimonio Dominicano Patrimonio Dominicano En catalogación 12.04.2013 LF1   38490-10 25.06.2020   25.06.2020 Libro y Folleto Colección Patrimonio Dominicano
      Excluido de préstamo Patrimonio Dominicano Patrimonio Dominicano Patrimonio Dominicano En catalogación 12.04.2013 LF1   38490-20 25.06.2020 e. 2 25.06.2020 Libro y Folleto Colección Patrimonio Dominicano

Con tecnología Koha